000 01114nab a22002297a 4500
999 _c6396
_d6396
003 OSt
005 20260201174423.0
008 190506c xxu||||| |||| 00| 0 spa d
040 _cPJ
100 _97035
_aOrtiz, Daiana Lorena
245 1 0 _aFactores que alteran la salud mental del trabajador /
_cDaiana Lorena Ortiz.
260 _aBuenos Aires :
_bAbeledoPerrot,
_c2023.
300 _ap. 15-18
500 _aCita: TR LALEY AR/DOC/2207/2023
505 _aSumario: I. Principios Constitucionales.— II. El estrés laboral.— III. Mobbing en el ámbito laboral.— IV. El trabajador con problemas de salud mental.— V. La violencia psicológica: la modalidad más impune y la complejidad probatoria.— VI. La violencia laboral.— VII. Bibliografía.
505 _t¿Te interesa el texto completo? Comunicate al correo: koha@justierradelfuego.gov.ar
650 0 _91316
_aDERECHO LABORAL
650 0 _91578
_aMOBBING
650 0 _91272
_aSALUD MENTAL
773 0 _02751
_93202
_dBuenos Aires : AbeledoPerrot, 2013-
_tRevista de derecho laboral y seguridad social. Nº 20 - Octubre 2023
942 _2udc
_cANA